[Event "Pulvérisation CaroKannisante!"]
[Site "SchemingMind.com"]
[Date "2006.05.25"]
[Round "-"]
[White "MatdeInverses"]
[Black "facedasire"]
[Result "1-0"]
[WhiteCountry "USA"]
[BlackCountry "USA"]
[WhiteElo "1978"]
[WhiteRD "46"]
[BlackElo "1498"]
[BlackRD "65"]
[GameID "52387"]

1. e4 c6 2. d4 d5 3. exd5 Qxd5 4. c4 Qe4+ 5. Be3 Nf6 6. Nc3 Qf5 7. Nf3 Ng4 8. Bd3 Qe6 9. d5 cxd5 10. cxd5 Nxe3
11. Bb5+ Bd7 12. dxe6 Nxd1 13. exd7+ Nxd7 14. Rxd1 Rd8 15. Ne5 e6 16. Rxd7 Rxd7 17. Bxd7+ Ke7 18. Ba4 Kf6 19. Nd7+ Kf5 20. Nxf8 Rxf8
21. O-O Rd8 22. Rd1 Rxd1+ 23. Bxd1 Ke5 24. Bf3 f5 25. Bxb7 g5 26. Kf1 h5 27. Ke2 a5 28. Kd3 h4 29. a3 f4 30. b4 axb4
31. axb4 g4 32. Be4 Kf6 33. b5 Kg5 34. b6 g3 35. fxg3 Kg4 36. gxh4 Kxh4 37. b7 f3 38. b8=Q f2 39. Qf4+ Kh5 40. g4+ Kh4
41. g5+ Kh5 42. Bf3+ Kg6 43. Qf6+ Kh7 44. g6+ Kh6 45. g7+ Kh7 46. Be4+ Kg8 47. Qf8#
1-0

[Event "Pulvérisation CaroKannisante!"]
[Site "SchemingMind.com"]
[Date "2006.05.25"]
[Round "-"]
[White "smsrdan"]
[Black "facedasire"]
[Result "1-0"]
[WhiteCountry "SRB"]
[BlackCountry "USA"]
[WhiteElo "1999"]
[WhiteRD "90"]
[BlackElo "1498"]
[BlackRD "65"]
[GameID "52388"]

1. e4 c6 2. d4 d5 3. e5 Bf5 4. Ne2 e6 5. Ng3 Bg6 6. h4 Ne7 7. h5 Bf5 8. Be3 h6 9. c4 dxc4 10. Bxc4 b5
11. Bb3 Nd5 12. O-O a5 13. Bxd5 cxd5 14. Nxf5 exf5 15. Qf3 g6 16. hxg6 fxg6 17. Nc3 Bb4 18. Nxd5 Nd7 19. Nc7+ Qxc7 20. Qxa8+ Qb8
21. Qd5 Ke7 22. a3 Bc5 23. dxc5 Nxe5 24. Bf4 Kf6 25. Rfe1 Rd8 26. Bxe5+ Qxe5 27. Qxe5+
1-0

[Event "Pulvérisation CaroKannisante!"]
[Site "SchemingMind.com"]
[Date "2006.05.25"]
[Round "-"]
[White "sorrochess"]
[Black "facedasire"]
[Result "1-0"]
[WhiteCountry "INT"]
[BlackCountry "USA"]
[WhiteElo "2142"]
[WhiteRD "90"]
[BlackElo "1498"]
[BlackRD "65"]
[GameID "52389"]

1. e4 c6 2. d4 d5 3. e5 Bf5 4. Nf3 e6 5. Be2 Qa5+ 6. Nbd2 c5 7. dxc5 Qxc5 8. c3 Bg4 9. Qa4+ Nc6 10. Qxg4 Nh6
11. Qa4 Ng4 12. Qxg4 h5 13. Qg5 g6 14. Nb3 Be7 15. Nxc5 Bxg5 16. Bxg5 Rc8 17. Nxb7 O-O 18. Bh6 Rfe8 19. Nd6 Red8 20. Nxc8 Rxc8
21. Be3 Nxe5 22. Nxe5 f6 23. Nxg6 Kg7 24. Bxh5 Rh8 25. Nxh8 Kxh8 26. c4 Kg8 27. cxd5 exd5 28. O-O-O Kf8 29. Bh6+ Ke7 30. Rxd5
1-0

[Event "Pulvérisation CaroKannisante!"]
[Site "SchemingMind.com"]
[Date "2006.05.25"]
[Round "-"]
[White "McKnights"]
[Black "facedasire"]
[Result "1-0"]
[WhiteCountry "USA"]
[BlackCountry "USA"]
[WhiteElo "1805"]
[WhiteRD "60"]
[BlackElo "1498"]
[BlackRD "65"]
[GameID "52390"]

1. e4 c6 2. d4 d5 3. exd5 Qxd5 4. Nf3 e6 5. Nc3 Bb4 6. Bd2 Bxc3 7. Bxc3 Nf6 8. Bd3 Nbd7 9. O-O O-O 10. b3 b6
11. Re1 c5 12. Bc4 Qf5 13. dxc5 Qxc5 14. Bxf6 Nxf6 15. Qe2 Rd8 16. Qe5 Qxe5 17. Nxe5 Bb7 18. Rad1 Rxd1 19. Rxd1 Ne4 20. a4 Nc3
21. Rd7 Be4 22. Nxf7 Rf8 23. Ng5 Bxc2 24. Nxe6 Rf6 25. Nd4+ Kf8 26. Nxc2 Ne4 27. f3 Nc5 28. Rxa7 h5 29. Nd4 h4 30. b4 Rd6
31. Ra8+ Ke7 32. Nf5+
1-0

[Event "Pulvérisation CaroKannisante!"]
[Site "SchemingMind.com"]
[Date "2006.05.26"]
[Round "-"]
[White "mikhailtal"]
[Black "ghanafeast"]
[Result "0-1"]
[WhiteCountry "ENG"]
[BlackCountry "GER"]
[WhiteElo "1776"]
[WhiteRD "62"]
[BlackElo "1714"]
[BlackRD "81"]
[GameID "52475"]

1. e4 c6 2. d4 d5 3. e5 Bf5 4. Nc3 e6 5. Nge2 Bb4 6. a3 Ba5 7. b4 Bc7 8. g3 Bg4 9. Bg2 Nd7 10. O-O f6
11. f4 Bb6 12. h3 Bxe2 13. Nxe2 Ne7 14. Kh2 Qc7 15. Qd3 f5 16. a4 a6 17. Be3 Ba7 18. c4 Nb6 19. c5 Nc4 20. a5 Kd7
0-1

[Event "Pulvérisation CaroKannisante!"]
[Site "SchemingMind.com"]
[Date "2006.05.26"]
[Round "-"]
[White "mikhailtal"]
[Black "sansubari"]
[Result "0-1"]
[WhiteCountry "ENG"]
[BlackCountry "MAS"]
[WhiteElo "1801"]
[WhiteRD "65"]
[BlackElo "1709"]
[BlackRD "63"]
[GameID "52476"]

1. e4 c6 2. d4 d5 3. exd5 Qxd5 4. Nc3 Qa5 5. Nf3 Bg4 6. h3 Bxf3 7. Qxf3 e6 8. Bc4 Nd7 9. Bf4 Ngf6 10. O-O-O Bb4
11. Ne4 Nxe4 12. Qxe4 Nf6 13. Qe2 Rd8 14. Kb1 Qb6 15. Be3 Nd5 16. Bxd5 cxd5 17. c4 Qa6 18. Rc1 Rc8 19. Qg4 g6 20. cxd5 Rxc1+
21. Rxc1 O-O 22. dxe6 fxe6 23. h4 Qd3+ 24. Ka1 Qf5 25. Qe2 a6 26. g4 Qf7 27. h5 Bd6 28. hxg6 hxg6 29. Qc2 Kg7 30. Rh1 Bf4
31. Qe2 e5 32. dxe5 Qd5 33. Rd1 Qe6 34. Bxf4 Rxf4 35. f3 b5 36. Rd6 Qc4 37. Qxc4 bxc4 38. Rxa6 Rxf3 39. Kb1 Re3 40. Rc6 Re4
41. g5 Rxe5 42. Rc7+ Kf8 43. Rxc4 Rxg5 44. a4 Ke7 45. Kc2 Kd6
0-1

[Event "Pulvérisation CaroKannisante!"]
[Site "SchemingMind.com"]
[Date "2006.05.26"]
[Round "-"]
[White "mikhailtal"]
[Black "fouche"]
[Result "1-0"]
[WhiteCountry "ENG"]
[BlackCountry "COL"]
[WhiteElo "1776"]
[WhiteRD "62"]
[BlackElo "1606"]
[BlackRD "59"]
[GameID "52478"]

1. e4 c6 2. d4 d5 3. exd5 cxd5 4. c4 Nf6 5. Nc3 Nc6 6. Bg5 e6 7. Nf3 Be7 8. Rc1 O-O 9. c5 a6 10. a3 Qc7
11. Be2 Rd8 12. O-O e5 13. b4 Bg4 14. Nxe5 Bxe2 15. Nxe2 Nxe5 16. dxe5 Qxe5 17. Bf4 Qb2 18. Qd3 Ne4 19. Rc2 Qf6 20. Be3 Rd7
21. Nd4 Rc8 22. Rfc1 Ng5 23. c6 bxc6 24. Rxc6 Rxc6 25. Rxc6 Rd6 26. Rc8+ Bf8 27. Nb3 Rc6 28. Rxc6 Qxc6 29. Bxg5 Qc4 30. Qxc4 dxc4
31. Nc1 Bd6 32. h3 f6 33. Be3 Kf7 34. Kf1 Ke6 35. Ke1 Kd5 36. Kd2 Be5 37. Kc2 f5 38. Ne2 h6 39. h4 Bf6 40. g3 Ke4
41. Nc3+ Kf3 42. Nd5 Be5 43. Nb6 c3 44. Nd5 g5 45. hxg5 hxg5 46. Nxc3 Bxg3 47. Bxg5 Bxf2 48. Kd3 Bg3 49. Nd5 Kg4 50. Be3 f4
51. Bxf4 Bxf4 52. Nxf4
1-0

[Event "Pulvérisation CaroKannisante!"]
[Site "SchemingMind.com"]
[Date "2006.05.26"]
[Round "-"]
[White "mikhailtal"]
[Black "MatdeInverses"]
[Result "0-1"]
[WhiteCountry "ENG"]
[BlackCountry "USA"]
[WhiteElo "1776"]
[WhiteRD "62"]
[BlackElo "1978"]
[BlackRD "46"]
[GameID "52479"]

1. e4 c6 2. d4 d5 3. exd5 cxd5 4. c4 Nf6 5. Nc3 Nc6 6. cxd5 Nxd5 7. Bc4 Be6 8. Bb3 g6 9. Nf3 Bg7 10. O-O O-O
11. Re1 Rc8 12. Ng5 Nxc3 13. bxc3 Bxb3 14. Qxb3 Na5 15. Qb4 e6 16. Bf4 Rc4 17. Qb2 e5 18. Rxe5 Bxe5 19. Bxe5 Qxg5
0-1

[Event "Pulvérisation CaroKannisante!"]
[Site "SchemingMind.com"]
[Date "2006.05.28"]
[Round "-"]
[White "mikhailtal"]
[Black "smsrdan"]
[Result "0-1"]
[WhiteCountry "ENG"]
[BlackCountry "SRB"]
[WhiteElo "1776"]
[WhiteRD "62"]
[BlackElo "1999"]
[BlackRD "90"]
[GameID "52480"]

1. e4 c6 2. d4 d5 3. exd5 cxd5 4. c4 dxc4 5. Bxc4 Nf6 6. Nf3 e6 7. O-O Qc7 8. Qe2 Be7 9. d5 exd5 10. Bb5+ Bd7
11. Bxd7+ Qxd7 12. Re1 Nc6 13. Ne5 Nxe5 14. Qxe5 Qe6 15. Qxe6 fxe6 16. Rxe6 Kf7 17. Re2 Bc5 18. Bf4 Rhe8 19. Rxe8 Rxe8 20. Nc3 b6
21. Kf1 h6 22. h3 g5 23. Bh2 Bb4 24. Ne2 Ne4 25. Rd1 Nd2+ 26. Kg1 Rxe2
0-1

[Event "Pulvérisation CaroKannisante!"]
[Site "SchemingMind.com"]
[Date "2006.05.28"]
[Round "-"]
[White "mikhailtal"]
[Black "sorrochess"]
[Result "0-1"]
[WhiteCountry "ENG"]
[BlackCountry "INT"]
[WhiteElo "1776"]
[WhiteRD "62"]
[BlackElo "2142"]
[BlackRD "90"]
[GameID "52481"]

1. e4 c6 2. d4 d5 3. e5 Bf5 4. Nc3 Qd7 5. Nge2 e6 6. g3 c5 7. Bg2 f6 8. exf6 Nxf6 9. O-O Nc6 10. Re1 Nb4
11. Nf4 Nxc2 12. Nxe6 Nxe1 13. Nxf8 Qe7 14. Qa4+ Kxf8 15. Nxd5 Nxd5 16. Bxd5 Be4 17. Qb3 Nf3+ 18. Kf1 Bxd5 19. Qxd5 Qe1+ 20. Kg2 Qg1+
21. Kh3 Qf1+ 22. Kg4 h5+ 23. Kf4 g5+ 24. Ke3 Re8+
0-1

[Event "Pulvérisation CaroKannisante!"]
[Site "SchemingMind.com"]
[Date "2006.05.28"]
[Round "-"]
[White "mikhailtal"]
[Black "McKnights"]
[Result "1-0"]
[WhiteCountry "ENG"]
[BlackCountry "USA"]
[WhiteElo "1801"]
[WhiteRD "65"]
[BlackElo "1749"]
[BlackRD "58"]
[GameID "52482"]

1. e4 c6 2. d4 d5 3. exd5 cxd5 4. c4 Nf6 5. Nc3 Nc6 6. Bg5 Bf5 7. Bxf6 exf6 8. cxd5 Ne7 9. Bc4 Nc8 10. Nge2 Bb4
11. O-O Nd6 12. Qa4+ Bd7 13. Qxb4 Nxc4 14. Qxc4 O-O 15. Rfe1 a6 16. Ne4 Rc8 17. Qb3 Bb5 18. N2c3 Bc4 19. Qd1 Bxd5 20. Nxd5 Qxd5
21. Nc3 Qd7 22. Rc1 Rc4 23. Ne2 Rfc8 24. Rxc4 Rxc4 25. Qb3 b5 26. Qd3 g6 27. b3 Rc6 28. Rc1 Rd6 29. h3 Kg7 30. Rc5 Re6
31. Ng3 Rd6 32. d5 Qe8 33. Ne4 Rd7 34. Qd4 Qd8 35. d6 Kf8 36. Rd5 Kg7 37. Nc5
1-0

[Event "Pulvérisation CaroKannisante!"]
[Site "SchemingMind.com"]
[Date "2006.05.26"]
[Round "-"]
[White "ghanafeast"]
[Black "mikhailtal"]
[Result "1-0"]
[WhiteCountry "GER"]
[BlackCountry "ENG"]
[WhiteElo "1714"]
[WhiteRD "81"]
[BlackElo "1776"]
[BlackRD "62"]
[GameID "52484"]

1. e4 c6 2. d4 d5 3. Nc3 dxe4 4. Nxe4 Bf5 5. Bd3 Qxd4 6. Nf3 Qd5 7. c4 Qe6 8. Nd4 Qe5 9. Nxf5 g6 10. Ne3 f5
11. Nc3 f4 12. O-O fxe3 13. Bxe3 Bg7 14. Re1 Nd7 15. Bh6 Qf6 16. Ne4 Qd4 17. Bxg7 Qxg7 18. Nd6+ Kf8 19. Qf3+ Ngf6 20. Nxb7 Rc8
21. c5 Qf7 22. Na5 Nd5 23. Qg4
1-0

[Event "Pulvérisation CaroKannisante!"]
[Site "SchemingMind.com"]
[Date "2006.05.25"]
[Round "-"]
[White "sansubari"]
[Black "mikhailtal"]
[Result "1-0"]
[WhiteCountry "MAS"]
[BlackCountry "ENG"]
[WhiteElo "1707"]
[WhiteRD "62"]
[BlackElo "1776"]
[BlackRD "62"]
[GameID "52485"]

1. e4 c6 2. d4 d5 3. e5 Bf5 4. c3 h5 5. h3 e6 6. h4 c5 7. Bb5+ Nc6 8. Ne2 Ne7 9. Bg5 Qb6 10. Qb3 c4
11. Qa4 a6 12. Bxe7 Bxe7 13. Bxc6+ Qxc6 14. Qxc6+ bxc6 15. b3 cxb3 16. axb3 c5 17. O-O cxd4 18. Nxd4 Bxb1 19. Rfxb1 Bxh4 20. b4 O-O
21. g3 Be7 22. Nc6 Bg5 23. f4 Bh6 24. Ra5 g5 25. Rf1 gxf4 26. gxf4 Kh7 27. Nd4 Rfc8 28. Rf3 Rg8+ 29. Kf2 Bf8 30. f5 exf5
31. Rxf5 Kg6 32. Rxd5 Bg7 33. Rd6+ f6 34. exf6
1-0

[Event "Pulvérisation CaroKannisante!"]
[Site "SchemingMind.com"]
[Date "2006.05.25"]
[Round "-"]
[White "fouche"]
[Black "mikhailtal"]
[Result "0-1"]
[WhiteCountry "COL"]
[BlackCountry "ENG"]
[WhiteElo "1606"]
[WhiteRD "59"]
[BlackElo "1776"]
[BlackRD "62"]
[GameID "52487"]

1. e4 c6 2. d4 d5 3. e5 Bf5 4. g4 Bg6 5. h4 h5 6. Bh3 e6 7. f4 hxg4 8. Bxg4 Nh6 9. h5 Bxc2 10. Qxc2 Nxg4
11. Nf3 Nh6 12. Bd2 Nd7 13. Nc3 c5 14. Ne2 Nf5 15. O-O-O cxd4 16. Kb1 Bc5 17. Qa4 Kf8 18. Nfxd4 Nb6 19. Qa5 Bxd4 20. Bb4+ Kg8
21. Nxd4 Nxd4 22. Rxd4 Nc4 23. Qb5 Qb6 24. Qc5 Qxc5 25. Bxc5 b6 26. Be7 Ne3 27. Rd3 Nf5 28. Bg5 Rc8 29. Rc3 Rxc3 30. bxc3 Ng3
31. Rh3 Nxh5 32. Kb2 g6 33. a4 Ng7 34. Rxh8+ Kxh8 35. Kb3 Nf5 36. Bf6+ Kg8 37. Kb4 a6 38. Bd8 Ne3 39. Bxb6 Nc4 40. Bd8 Kf8
41. Kc5 Ke8 42. Bh4 Kd7 43. Bg5= Kc7 44. Bh6 Nb2 45. a5 Nd1 46. c4 dxc4 47. Kxc4 Kc6 48. Bg5 Ne3+ 49. Kb4 Kd5 50. Bh6 Kd4
51. Bg5 Nd5+ 52. Kb3 Kc5 53. Ka4 Kc4 54. Bh6 Nc3+ 55. Ka3 Kb5 56. Kb3 Nd5 57. Bg5 Kxa5 58. Kc4 Kb6 59. Bh6 a5 60. Bg5 a4
61. Bd8+ Ka6 62. Bg5 Kb6 63. Bd8+ Kc6 64. Bg5 a3 65. Kb3 Kc5
0-1

[Event "Pulvérisation CaroKannisante!"]
[Site "SchemingMind.com"]
[Date "2006.05.25"]
[Round "-"]
[White "MatdeInverses"]
[Black "mikhailtal"]
[Result "1-0"]
[WhiteCountry "USA"]
[BlackCountry "ENG"]
[WhiteElo "1978"]
[WhiteRD "46"]
[BlackElo "1776"]
[BlackRD "62"]
[GameID "52488"]

1. e4 c6 2. d4 d5 3. exd5 cxd5 4. c4 Nf6 5. Nc3 e6 6. Nf3 Be7 7. c5 O-O 8. Bd3 Nc6 9. O-O b6 10. cxb6 axb6
11. Re1 Ba6 12. Bb1 Re8 13. Bg5 b5 14. a3 b4 15. Ne2 Bxe2 16. Qxe2 bxa3 17. bxa3 Rxa3 18. Rxa3 Bxa3 19. Bxf6 gxf6 20. Qd3 Bb4
21. Qxh7+ Kf8 22. Rc1 Qb6 23. Qd3 Ra8 24. h4 Ra3 25. Qh7 Rc3 26. Rd1 Qc7 27. h5 Qf4 28. Bg6 Nd8 29. Bd3 Nc6 30. h6 Nxd4
31. Nxd4 Qxd4 32. Qg7+ Ke7 33. h7 Bc5 34. h8=Q Qxf2+ 35. Kh1 Rxd3 36. Qgf8+ Kd7 37. Qd8+ Kc6 38. Qhe8+
1-0

[Event "Pulvérisation CaroKannisante!"]
[Site "SchemingMind.com"]
[Date "2006.05.25"]
[Round "-"]
[White "smsrdan"]
[Black "mikhailtal"]
[Result "1-0"]
[WhiteCountry "SRB"]
[BlackCountry "ENG"]
[WhiteElo "1999"]
[WhiteRD "90"]
[BlackElo "1776"]
[BlackRD "62"]
[GameID "52489"]

1. e4 c6 2. d4 d5 3. exd5 cxd5 4. c4 Nf6 5. Nc3 e6 6. Nf3 Bb4 7. cxd5 Nxd5 8. Bd2 Nc6 9. Bd3 Be7 10. O-O Nf6
11. Bg5 O-O 12. Re1 Bd7 13. Rc1 Nb4 14. Bb1 Rc8 15. a3 Nbd5 16. Ne5 Nxc3 17. Rxc3 Rxc3 18. bxc3 Bxa3 19. Qd3
1-0

[Event "Pulvérisation CaroKannisante!"]
[Site "SchemingMind.com"]
[Date "2006.05.25"]
[Round "-"]
[White "sorrochess"]
[Black "mikhailtal"]
[Result "1-0"]
[WhiteCountry "INT"]
[BlackCountry "ENG"]
[WhiteElo "2142"]
[WhiteRD "90"]
[BlackElo "1776"]
[BlackRD "62"]
[GameID "52490"]

1. e4 c6 2. d4 d5 3. e5 Bf5 4. h4 h6 5. g4 Bd7 6. h5 e6 7. f4 Be7 8. Nf3 c5 9. c3 cxd4 10. Qxd4 Nc6
11. Qf2 Qc7 12. Be3 b6 13. Nbd2 Na5 14. Nd4 Bc5 15. O-O-O Ne7 16. Nb5 Bxb5 17. Bxb5+ Kf8 18. Kb1 a6 19. Bd3 Bxe3 20. Qxe3 b5
21. f5 Ke8 22. Nf3 Nc4 23. Bxc4 bxc4 24. f6 gxf6 25. exf6 Ng8 26. Rxd5 Nxf6 27. Rc5 Qd6 28. Rxc4 Ke7 29. Ne5 Rac8 30. Rd4 Qc5
31. Rf1 Rh7 32. Rxf6
1-0

[Event "Pulvérisation CaroKannisante!"]
[Site "SchemingMind.com"]
[Date "2006.05.26"]
[Round "-"]
[White "McKnights"]
[Black "mikhailtal"]
[Result "0-1"]
[WhiteCountry "USA"]
[BlackCountry "ENG"]
[WhiteElo "1749"]
[WhiteRD "58"]
[BlackElo "1801"]
[BlackRD "65"]
[GameID "52491"]

1. e4 c6 2. d4 d5 3. exd5 cxd5 4. Nf3 Nf6 5. Nc3 e6 6. Bg5 Be7 7. Ne5 a6 8. Be2 Bd7 9. O-O O-O 10. Bd3 Nc6
11. Ne2 Ne8 12. Bxe7 Qxe7 13. Ng3 Nb4 14. c3 Nxd3 15. Nxd3 Bb5 16. Re1 Bxd3 17. Qxd3 Nd6 18. Re2 Rac8 19. Rae1 Nc4 20. b3 Na3
21. Qf3 Qg5 22. Re5 Qd2 23. Nh5 Rxc3 24. Qg4 Qh6 25. Nxg7 Kh8 26. Nh5 Rg8 27. Qd1 Nc2 28. Rf1 Nb4 29. a3 Nd3 30. Re3 Nxf2
31. Rxf2 Qxe3 32. Nf6 Rc1 33. Qxc1 Qxc1+ 34. Rf1 Qe3+ 35. Kh1 Rg6 36. h3 Qe2 37. Rg1 Rxf6 38. Kh2 Rf1
0-1

[Event "Pulvérisation CaroKannisante!"]
[Site "SchemingMind.com"]
[Date "2006.05.26"]
[Round "-"]
[White "facedasire"]
[Black "mikhailtal"]
[Result "0-1"]
[WhiteCountry "USA"]
[BlackCountry "ENG"]
[WhiteElo "1498"]
[WhiteRD "65"]
[BlackElo "1776"]
[BlackRD "62"]
[GameID "52492"]

1. e4 c6 2. d4 d5 3. exd5 cxd5 4. g3 Nf6 5. Bf4 Bf5 6. c3 Nc6 7. Bb5 Qb6 8. a4 a6 9. Bxc6+ Qxc6 10. Nd2 e6
11. Ngf3 Nd7 12. O-O Bh3 13. Re1 h6 14. Ne5 Nxe5 15. Bxe5 f6 16. Bf4 g5 17. Qh5+ Kd8 18. Bxg5 fxg5
0-1